[Event "4NCL/Div4/BRJ vs. BCA"]
[Site "Wokefield Park ENG"]
[Date "2007.11.25"]
[Round "4.1"]
[White "Girdlestone, Paul"]
[Black "Crouch, Colin"]
[Result "0-1"]
[WhiteElo "2240"]
[BlackElo "2353"]
[PlyCount "50"]
[EventDate "2007.11.25"]
[EventType "team"]
[EventRounds "11"]
[EventCountry "ENG"]
[SourceDate "2007.09.15"]

1. e4 c5 2. Nf3 e6 3. d4 cxd4 4. Nxd4 Nf6 5. Nc3 d6 6. Be3 a6 7. g4 e5 8. Nf5
g6 9. Nh6 Bxh6 10. Bxh6 Nxg4 11. Qd2 Nxh6 12. Qxh6 Be6 13. O-O-O Nc6 14. f4
exf4 15. Qxf4 Ne5 16. h4 h5 17. Bh3 Qe7 18. Nd5 Bxd5 19. Rxd5 O-O 20. Qh6 Qxh4
21. Rg1 Qxe4 22. Be6 Rac8 23. c3 Ng4 24. Bxg4 Qxd5 25. Bxh5 Qd4 0-1

[Event "4NCL/Div4/BRJ vs. BCA"]
[Site "Wokefield Park ENG"]
[Date "2007.11.25"]
[Round "4.2"]
[White "Mordue, A Tyson"]
[Black "Richmond, Peter A"]
[Result "1/2-1/2"]
[WhiteElo "2298"]
[BlackElo "2250"]
[PlyCount "83"]
[EventDate "2007.11.25"]
[EventType "team"]
[EventRounds "11"]
[EventCountry "ENG"]
[SourceDate "2007.09.15"]

1. e4 c5 2. Nf3 Nc6 3. d4 cxd4 4. Nxd4 Nf6 5. Nc3 e5 6. Ndb5 d6 7. Bg5 a6 8.
Na3 b5 9. Nd5 Be7 10. Bxf6 Bxf6 11. c3 O-O 12. Nc2 Rb8 13. Be2 Bg5 14. O-O Be6
15. Qd3 Qd7 16. Qg3 Bd8 17. Rad1 Kh8 18. Rd2 Bxd5 19. Rxd5 Qe6 20. Ne3 Ne7 21.
Bg4 Qg6 22. Rd2 Bc7 23. Qf3 b4 24. c4 Bb6 25. Nd5 Nc6 26. Qh3 Qg5 27. Rd3 Bc5
28. Bf5 h5 29. Kh1 Nd4 30. f4 exf4 31. Nxf4 Nxf5 32. exf5 g6 33. Rd5 Qh6 34. f6
Rbe8 35. Nxh5 Re5 36. Nf4 Qxh3 37. gxh3 Rfe8 38. b3 Rxd5 39. Nxd5 Re2 40. Rf4
g5 41. Rg4 Rxa2 42. h4 1/2-1/2

[Event "4NCL/Div4/BRJ vs. BCA"]
[Site "Wokefield Park ENG"]
[Date "2007.11.25"]
[Round "4.3"]
[White "Richmond, Jane"]
[Black "Lilley, Graham"]
[Result "1-0"]
[WhiteElo "2140"]
[BlackElo "2140"]
[PlyCount "67"]
[EventDate "2007.11.25"]
[EventType "team"]
[EventRounds "11"]
[EventCountry "ENG"]
[SourceDate "2007.09.15"]

1. d4 g6 2. e4 Bg7 3. Nc3 d6 4. Be3 Nd7 5. Be2 a6 6. a4 b6 7. f4 Bb7 8. Bf3 e5
9. Nge2 Ngf6 10. O-O O-O 11. g4 c5 12. dxe5 dxe5 13. g5 Ne8 14. f5 f6 15. fxg6
hxg6 16. Bg4 Bc6 17. Be6+ Kh7 18. Qe1 fxg5 19. Qg3 Bh6 20. Nd5 Ng7 21. Bxd7
Bxd5 22. Rxf8 Qxf8 23. exd5 Rd8 24. Be6 Nxe6 25. dxe6 Qf6 26. Qh3 Qf5 27. Qxf5
gxf5 28. Nc3 Re8 29. a5 Rxe6 30. Nd5 f4 31. axb6 Rd6 32. b7 Rd8 33. Nf6+ Kg7
34. Nd7 1-0

[Event "4NCL/Div4/BRJ vs. BCA"]
[Site "Wokefield Park ENG"]
[Date "2007.11.25"]
[Round "4.4"]
[White "Ross, Chris"]
[Black "Hall, Daniel J"]
[Result "0-1"]
[WhiteElo "2144"]
[BlackElo "2116"]
[PlyCount "72"]
[EventDate "2007.11.25"]
[EventType "team"]
[EventRounds "11"]
[EventCountry "ENG"]
[SourceDate "2007.09.15"]

1. d4 Nf6 2. Nf3 g6 3. Nc3 d5 4. Bf4 Bg7 5. Qd2 c5 6. dxc5 Na6 7. Be5 O-O 8.
Qd4 Qa5 9. a3 Qxc5 10. e3 Qxd4 11. exd4 Bf5 12. Bxa6 bxa6 13. O-O-O Rfc8 14.
Nd2 Bh6 15. Kb1 Nd7 16. Bg3 Nb6 17. Rhe1 e6 18. Nb3 Nc4 19. Nc5 Bd2 20. N3a4
Bxe1 21. Rxe1 Nb6 22. Nc3 Rc6 23. f3 f6 24. Bf2 h5 25. b3 Kf7 26. Kb2 Rac8 27.
a4 R8c7 28. a5 Nd7 29. N3a4 Nxc5 30. Nxc5 Rc8 31. b4 Re8 32. c3 e5 33. dxe5
Rxe5 34. Rd1 Re2+ 35. Ka3 Rxf2 36. Rxd5 Rxg2 0-1

[Event "4NCL/Div4/BRJ vs. BCA"]
[Site "Wokefield Park ENG"]
[Date "2007.11.25"]
[Round "4.5"]
[White "Cabero, Pablo Padilla"]
[Black "Hilton, Steve"]
[Result "1-0"]
[WhiteElo "2152"]
[BlackElo "1967"]
[PlyCount "45"]
[EventDate "2007.11.25"]
[EventType "team"]
[EventRounds "11"]
[EventCountry "ENG"]
[SourceDate "2007.09.15"]

1. e4 c5 2. Nc3 a6 3. a4 e6 4. g3 b6 5. Bg2 Bb7 6. d3 d5 7. e5 Nc6 8. Nf3 Qc7
9. Qe2 Nge7 10. O-O Nf5 11. Bf4 Rc8 12. Ng5 h5 13. Nxd5 exd5 14. e6 Qe7 15.
Nxf7 Rg8 16. Qxh5 g6 17. Qh7 Rg7 18. Qh8 Ncd4 19. Rae1 Nxc2 20. Re5 d4 21. Bxb7
Qxb7 22. Rxf5 gxf5 23. Nd6+ 1-0

[Event "4NCL/Div4/BRJ vs. BCA"]
[Site "Wokefield Park ENG"]
[Date "2007.11.25"]
[Round "4.6"]
[White "Irving, Alastair"]
[Black "Bourne, Johnathan"]
[Result "0-1"]
[WhiteElo "1610"]
[BlackElo "2087"]
[PlyCount "84"]
[EventDate "2007.11.25"]
[EventType "team"]
[EventRounds "11"]
[EventCountry "ENG"]
[SourceDate "2007.09.15"]

1. e4 c6 2. d4 d5 3. Nc3 dxe4 4. Nxe4 Bf5 5. Ng3 Bg6 6. h4 h6 7. Nf3 Nd7 8. h5
Bh7 9. Bd3 Bxd3 10. Qxd3 e6 11. Bf4 Qa5+ 12. Bd2 Bb4 13. Ne4 Ngf6 14. Nd6+ Ke7
15. Nxb7 Bxd2+ 16. Qxd2 Qb6 17. Na5 Ne4 18. Nc4 Nxd2 19. Nxb6 Nxf3+ 20. gxf3
Nxb6 21. O-O-O Rhd8 22. Rhg1 Kf6 23. Rg4 Rd5 24. Rdg1 Rxh5 25. Rxg7 Rg5 26.
R7xg5 hxg5 27. Rh1 Nd5 28. Rh6+ Kg7 29. Rh5 Kg6 30. Rh1 Nf4 31. Kd2 Rd8 32. Ke3
Ng2+ 33. Ke4 f5+ 34. Ke5 Nf4 35. c4 Nd3+ 36. Kxe6 Rxd4 37. Rh8 Nf4+ 38. Ke5
Rxc4 39. Rg8+ Kf7 40. Rxg5 Ng6+ 41. Kxf5 Nh4+ 42. Ke5 Nxf3+ 0-1

[Event "4NCL/Div4/GLOSG vs. NOTT1"]
[Site "Wokefield Park ENG"]
[Date "2007.11.25"]
[Round "4.1"]
[White "Lambourne, Daniel M"]
[Black "Richmond, Robert J"]
[Result "0-1"]
[WhiteElo "2100"]
[BlackElo "2257"]
[PlyCount "150"]
[EventDate "2007.11.25"]
[EventType "team"]
[EventRounds "11"]
[EventCountry "ENG"]
[SourceDate "2007.09.15"]

1. c4 f5 2. d4 Nf6 3. Nc3 d6 4. Nf3 g6 5. Bf4 Bg7 6. Qd2 O-O 7. Bh6 Nbd7 8.
Bxg7 Kxg7 9. Ng5 Nb6 10. e3 h6 11. Nf3 Be6 12. b3 c6 13. Be2 Bg8 14. O-O Qc7
15. Rfd1 Nbd7 16. h3 e6 17. Qb2 d5 18. cxd5 exd5 19. b4 g5 20. Nh2 h5 21. g3
Be6 22. Bf1 Ne4 23. Nxe4 fxe4 24. Bg2 Nf6 25. Rf1 Qd7 26. f4 gxf4 27. Rxf4 Bxh3
28. Raf1 Nh7 29. Qf2 Bxg2 30. Kxg2 Qe7 31. Qe2 Qg5 32. b5 Rxf4 33. Rxf4 Rf8 34.
bxc6 bxc6 35. Rxf8 Nxf8 36. Nf1 Ng6 37. Kh3 Qf5+ 38. Kg2 h4 39. Nd2 Qg5 40. Qf2
hxg3 41. Qxg3 Qxg3+ 42. Kxg3 Kf6 43. Nb3 Ke6 44. Nc5+ Ke7 45. Kf2 Nf8 46. Ke2
Nd7 47. Na6 Kd6 48. Kd2 Nb6 49. Nc5 Nc4+ 50. Ke2 Kc7 51. Na6+ Kb6 52. Nb4 Na3
53. Kd2 Kb5 54. Kc3 a5 55. Nc2 Nxc2 56. Kxc2 Kc4 57. Kd2 a4 58. Kc2 a3 59. Kd2
c5 60. dxc5 Kxc5 61. Kc3 d4+ 62. exd4+ Kd5 63. Kc2 Kc4 64. d5 Kxd5 65. Kc3 Kc5
66. Kc2 Kc4 67. Kd2 Kd4 68. Kc2 Ke3 69. Kb3 Kd3 70. Kxa3 e3 71. Kb4 e2 72. a4
e1=Q+ 73. Kb5 Qe8+ 74. Kb4 Kd4 75. a5 Qb8+ 0-1

[Event "4NCL/Div4/GLOSG vs. NOTT1"]
[Site "Wokefield Park ENG"]
[Date "2007.11.25"]
[Round "4.2"]
[White "Mercs, Peter J"]
[Black "Buchanan, David"]
[Result "1/2-1/2"]
[WhiteElo "2067"]
[BlackElo "2090"]
[PlyCount "52"]
[EventDate "2007.11.25"]
[EventType "team"]
[EventRounds "11"]
[EventCountry "ENG"]
[SourceDate "2007.09.15"]

1. e4 e6 2. d4 d5 3. e5 c5 4. c3 Qb6 5. Nf3 Bd7 6. a3 Bb5 7. b4 cxd4 8. cxd4
Bxf1 9. Kxf1 Nc6 10. g3 Nge7 11. Qd3 Nf5 12. Bb2 Be7 13. Nc3 g6 14. Na4 Qd8 15.
Kg2 O-O 16. Rac1 Qe8 17. Nc5 b6 18. Nb3 f6 19. b5 fxe5 20. dxe5 Nd8 21. Nbd4
Bc5 22. Nxf5 Rxf5 23. Nd4 Rf7 24. f4 Rc8 25. Rc2 Rfc7 26. Rhc1 Qd7 1/2-1/2

[Event "4NCL/Div4/GLOSG vs. NOTT1"]
[Site "Wokefield Park ENG"]
[Date "2007.11.25"]
[Round "4.3"]
[White "White, Stephen M"]
[Black "Day, Thomas W"]
[Result "1-0"]
[WhiteElo "2065"]
[BlackElo "2095"]
[PlyCount "108"]
[EventDate "2007.11.25"]
[EventType "team"]
[EventRounds "11"]
[EventCountry "ENG"]
[SourceDate "2007.09.15"]

1. c4 e5 2. Nc3 Nf6 3. g3 Bb4 4. Bg2 c6 5. a3 Bxc3 6. bxc3 d5 7. cxd5 cxd5 8.
Nf3 Nc6 9. d3 O-O 10. O-O Re8 11. Nd2 Be6 12. Rb1 Qd7 13. Nb3 b6 14. Bg5 Rac8
15. Qd2 Qe7 16. e4 dxe4 17. Bxf6 gxf6 18. Bxe4 f5 19. Bg2 Red8 20. Qe3 Qxa3 21.
Bxc6 Rxc6 22. Qg5+ Kf8 23. Qxd8+ Kg7 24. c4 f6 25. Qe8 Qd6 26. c5 Qd5 27. Qe7+
Kg6 28. h3 f4 29. g4 f3 30. cxb6 axb6 31. Rfc1 Rd6 32. Qe8+ Bf7 33. Qc8 Re6 34.
Qc4 Qd7 35. Rc3 Kg7 36. Rbc1 f5 37. Qc7 Qa4 38. gxf5 Qf4 39. Rc4 Qxf5 40. Rg4+
Rg6 41. Kh2 Rxg4 42. hxg4 Qf4+ 43. Kh1 Qg5 44. Rc4 Kg8 45. Qb8+ Kg7 46. Re4
Qh4+ 47. Kg1 Bxb3 48. Qxe5+ Qf6 49. Qxf6+ Kxf6 50. Rb4 Bc2 51. d4 Be4 52. Kh2
Kg5 53. Kg3 Bc6 54. Rxb6 Bd7 1-0

[Event "4NCL/Div4/GLOSG vs. NOTT1"]
[Site "Wokefield Park ENG"]
[Date "2007.11.25"]
[Round "4.4"]
[White "Truman, Richard G"]
[Black "Hosken, Nigel"]
[Result "0-1"]
[WhiteElo "2040"]
[BlackElo "1992"]
[PlyCount "100"]
[EventDate "2007.11.25"]
[EventType "team"]
[EventRounds "11"]
[EventCountry "ENG"]
[SourceDate "2007.09.15"]

1. d4 d5 2. c4 c6 3. Nf3 Nf6 4. Nc3 dxc4 5. a4 Na6 6. e3 Bg4 7. Bxc4 e6 8. O-O
Nb4 9. Qe2 Be7 10. Rd1 O-O 11. e4 Bxf3 12. gxf3 Qa5 13. f4 Qh5 14. Qxh5 Nxh5
15. Be3 Nc2 16. Rac1 Nxe3 17. fxe3 Nf6 18. f5 exf5 19. exf5 Bb4 20. Kg2 Rfe8
21. Kf3 Rad8 22. Rc2 g5 23. h3 Kg7 24. Na2 Bf8 25. Re2 c5 26. Nc3 cxd4 27. Rxd4
Rxd4 28. exd4 Rxe2 29. Kxe2 Bd6 30. Kf3 h5 31. a5 g4+ 32. hxg4 hxg4+ 33. Kg2
Bb4 34. a6 bxa6 35. Bxa6 Bxc3 36. bxc3 Nd5 37. c4 Ne3+ 38. Kg3 Nxf5+ 39. Kxg4
Nxd4 40. c5 Kf6 41. Bc4 a5 42. Bd5 a4 43. c6 Ne6 44. Ba2 a3 45. Bb3 Ke5 46. Kf3
Kd6 47. Ke3 f6 48. Kd2 Nd4 49. Bf7 Kxc6 50. Kc3 Kc5 0-1

[Event "4NCL/Div4/GLOSG vs. NOTT1"]
[Site "Wokefield Park ENG"]
[Date "2007.11.25"]
[Round "4.5"]
[White "Taylor, Geoffrey P"]
[Black "Kingston, Ian"]
[Result "1/2-1/2"]
[WhiteElo "2063"]
[BlackElo "2025"]
[PlyCount "93"]
[EventDate "2007.11.25"]
[EventType "team"]
[EventRounds "11"]
[EventCountry "ENG"]
[SourceDate "2007.09.15"]

1. e4 e5 2. Nf3 Nc6 3. Bc4 Nf6 4. Nc3 Nxe4 5. Bxf7+ Kxf7 6. Nxe4 Be7 7. h4 Rf8
8. d4 Kg8 9. d5 Nd4 10. Nxd4 exd4 11. Qxd4 Bxh4 12. Be3 Bf6 13. Qd3 g6 14.
Nxf6+ Qxf6 15. O-O-O d6 16. Rh6 Bf5 17. Qd2 Rae8 18. Rdh1 Rf7 19. Bd4 Qe7 20.
g4 Be4 21. f3 Rxf3 22. b3 Ref8 23. Rxh7 Rf1+ 24. Kb2 Qxh7 25. Rxh7 Kxh7 26.
Qh2+ Kg8 27. Qh6 Kf7 28. Qg7+ Ke8 29. Qxc7 Bxd5 30. Qxd6 Bc6 31. g5 R8f5 32.
Bf6 Re1 33. Qb8+ Kf7 34. Qc7+ Ke8 35. Qg7 Rff1 36. Qxg6+ Kd7 37. Qf7+ Kd6 38.
Qf8+ Ke6 39. Qc8+ Kf7 40. Qc7+ Ke6 41. Qe7+ Kf5 42. Qf7 Ke4 43. Qg6+ Kf4 44.
Qd3 Rd1 {=} 45. Qc3 Bd5 46. Qe5+ Kf3 47. Qc3+ 1/2-1/2

[Event "4NCL/Div4/GLOSG vs. NOTT1"]
[Site "Wokefield Park ENG"]
[Date "2007.11.25"]
[Round "4.6"]
[White "Wright, Antony J"]
[Black "Meade, Philip J"]
[Result "0-1"]
[WhiteElo "1995"]
[BlackElo "2020"]
[PlyCount "80"]
[EventDate "2007.11.25"]
[EventType "team"]
[EventRounds "11"]
[EventCountry "ENG"]
[SourceDate "2007.09.15"]

1. d4 Nf6 2. Bf4 d6 3. e3 g6 4. Nf3 Bg7 5. Be2 O-O 6. h4 Bg4 7. Nc3 Nbd7 8. e4
Bxf3 9. Bxf3 e5 10. dxe5 dxe5 11. Be3 Re8 12. Qe2 Nf8 13. Qb5 a5 14. Rd1 Qc8
15. O-O c6 16. Qe2 b5 17. g4 Ne6 18. g5 Nd7 19. Bg4 Qc7 20. f3 Ndf8 21. Qf2 Nf4
22. Bb6 Qb7 23. Rd6 N8e6 24. Rfd1 Nd4 25. Bxd4 exd4 26. Ne2 Nxe2+ 27. Qxe2 Qc7
28. Qh2 Be5 29. f4 Bxd6 30. e5 Bxe5 31. fxe5 Qxe5 32. Qxe5 Rxe5 33. Rxd4 c5 34.
Rf4 Rd8 35. a4 Rd4 36. Rxd4 cxd4 37. axb5 Rxb5 38. b3 Rc5 39. Bd1 Rc3 40. Kg2
d3 0-1

[Event "4NCL/Div4/AMCAD vs. CELT1"]
[Site "Wokefield Park ENG"]
[Date "2007.11.25"]
[Round "4.1"]
[White "Norman, Kenneth I"]
[Black "Kemp, Peter D"]
[Result "1-0"]
[WhiteElo "2146"]
[BlackElo "2189"]
[PlyCount "81"]
[EventDate "2007.11.25"]
[EventType "team"]
[EventRounds "11"]
[EventCountry "ENG"]
[SourceDate "2007.09.15"]

1. Nf3 d5 2. c4 e6 3. g3 Nf6 4. Bg2 Be7 5. O-O O-O 6. d4 dxc4 7. Ne5 Nc6 8.
Nxc6 bxc6 9. Na3 Rb8 10. Nxc4 Nd5 11. e4 Nf6 12. Na5 Qd7 13. Qc2 c5 14. dxc5
Qb5 15. b4 Bd7 16. Bd2 Rbd8 17. Rfe1 Qa4 18. Qxa4 Bxa4 19. Bf4 Ne8 20. Bf1 Bf6
21. e5 g5 22. Be3 Bxe5 23. Rac1 Bb2 24. Rb1 Bf6 25. Rec1 Ng7 26. c6 Nf5 27.
Bxa7 Rd2 28. a3 Bb2 29. Rc4 h6 30. Rg4 Bf6 31. b5 Bd1 32. Rc4 Nd6 33. Rcc1 Bf3
34. Be3 Rb2 35. Bc5 Rxb1 36. Rxb1 Be7 37. Nc4 Rc8 38. Nxd6 cxd6 39. Ba7 Bd8 40.
Bg2 Bxg2 41. Kxg2 1-0

[Event "4NCL/Div4/AMCAD vs. CELT1"]
[Site "Wokefield Park ENG"]
[Date "2007.11.25"]
[Round "4.2"]
[White "Josse, Mark"]
[Black "Purdon, Colin"]
[Result "1/2-1/2"]
[WhiteElo "2140"]
[BlackElo "2116"]
[PlyCount "66"]
[EventDate "2007.11.25"]
[EventType "team"]
[EventRounds "11"]
[EventCountry "ENG"]
[SourceDate "2007.09.15"]

1. e4 e5 2. Nf3 Nc6 3. Bb5 a6 4. Ba4 Nf6 5. d3 d6 6. c3 g6 7. O-O Bg7 8. Nbd2
b5 9. Bb3 O-O 10. Re1 Na5 11. Bc2 c5 12. Nf1 Bb7 13. d4 cxd4 14. cxd4 exd4 15.
Nxd4 Re8 16. Ng3 Qb6 17. Nf3 Nc4 18. Rb1 d5 19. exd5 Nxd5 20. Rxe8+ Rxe8 21.
Be4 Nc3 22. bxc3 Bxe4 23. Nxe4 Rxe4 24. a4 Qc6 25. axb5 axb5 26. Qb3 Rg4 27. h3
Re4 28. Qxb5 Qxb5 29. Rxb5 Bxc3 {=} 30. Bh6 Nd6 31. Rb6 Ne8 32. g3 Bg7 33. Bxg7
Kxg7 1/2-1/2

[Event "4NCL/Div4/AMCAD vs. CELT1"]
[Site "Wokefield Park ENG"]
[Date "2007.11.25"]
[Round "4.3"]
[White "Morris-Hill, Ray"]
[Black "Thomas, Robert K"]
[Result "1-0"]
[WhiteElo "2105"]
[BlackElo "2138"]
[PlyCount "85"]
[EventDate "2007.11.25"]
[EventType "team"]
[EventRounds "11"]
[EventCountry "ENG"]
[SourceDate "2007.09.15"]

1. d4 e6 2. Nf3 d5 3. e3 c5 4. b3 Nf6 5. Bd3 Nc6 6. O-O Be7 7. Bb2 O-O 8. a3
Re8 9. Nbd2 Nd7 10. c4 Bf6 11. Rc1 cxd4 12. exd4 Nf8 13. Ne5 dxc4 14. Nxc6 bxc6
15. Nxc4 Ba6 16. Be4 Rc8 17. b4 Re7 18. Qf3 Bxd4 19. Bxd4 Qxd4 20. Rfd1 Qf6 21.
Qxf6 gxf6 22. Nd6 Rd8 23. Bxc6 Be2 24. Rd2 Bh5 25. b5 e5 26. a4 Ne6 27. Ne4
Rxd2 28. Nxd2 Nd4 29. Kf1 Rc7 30. Ne4 Be2+ 31. Ke1 f5 32. Nf6+ Kh8 33. Nd5 Rc8
34. Ne7 Rd8 35. Rc5 f6 36. Nxf5 Nxf5 37. Kxe2 Rd4 38. a5 Rb4 39. Bd7 Nd4+ 40.
Ke3 Kg7 41. Rc7 Kh6 42. Rxa7 Nxb5 43. Rb7 1-0

[Event "4NCL/Div4/AMCAD vs. CELT1"]
[Site "Wokefield Park ENG"]
[Date "2007.11.25"]
[Round "4.4"]
[White "Haldane, Robin"]
[Black "McCullough, Simon L"]
[Result "0-1"]
[WhiteElo "2151"]
[BlackElo "2080"]
[PlyCount "70"]
[EventDate "2007.11.25"]
[EventType "team"]
[EventRounds "11"]
[EventCountry "ENG"]
[SourceDate "2007.09.15"]

1. e4 e6 2. d4 d5 3. Nc3 Nf6 4. e5 Nfd7 5. Qh5 g6 6. Qg4 Nc6 7. Nf3 a6 8. h4 h5
9. Qg3 Nb4 10. Bg5 Be7 11. O-O-O c5 12. a3 Nc6 13. dxc5 Nxc5 14. b4 Nd7 15. Bd3
Qc7 16. Bxe7 Nxe7 17. Kb2 Nb6 18. Qg5 Bd7 19. Qf6 Rf8 20. Nd4 Rc8 21. Nde2 Nc4+
22. Bxc4 Qxc4 23. Rd4 Qc7 24. Rd2 a5 25. Rh3 axb4 26. axb4 Qc4 27. Rd4 Qa6 28.
Nc1 Qb6 29. Rhd3 Nc6 30. Nxd5 exd5 31. Rxd5 Be6 32. b5 Bxd5 33. Rxd5 Na5 34. e6
Qxe6 35. Re5 Nc4+ 0-1

[Event "4NCL/Div4/AMCAD vs. CELT1"]
[Site "Wokefield Park ENG"]
[Date "2007.11.25"]
[Round "4.5"]
[White "Duvall, Ian"]
[Black "Evans, Craig"]
[Result "1/2-1/2"]
[WhiteElo "2045"]
[BlackElo "2034"]
[PlyCount "62"]
[EventDate "2007.11.25"]
[EventType "team"]
[EventRounds "11"]
[EventCountry "ENG"]
[SourceDate "2007.09.15"]

1. d4 Nf6 2. c4 Nc6 3. Nf3 e6 4. Bg5 Bb4+ 5. Nc3 h6 6. Bh4 O-O 7. e3 d6 8. Be2
Bxc3+ 9. bxc3 e5 10. O-O Qe7 11. Rb1 b6 12. Nd2 Bf5 13. Rb2 Rfe8 14. Bf3 e4 15.
Be2 Nd8 16. Kh1 c5 17. f3 g5 18. Bg3 Rc8 19. d5 Nb7 20. fxe4 Bxe4 21. Nxe4 Nxe4
22. Be1 Na5 23. Bd3 Rc7 24. Qh5 Kg7 25. Qf3 Qe5 26. Re2 Rd7 27. Qg4 Rc7 28. Rf5
Qe7 29. h4 f6 30. Bg3 Nb7 31. Be1 Nd8 1/2-1/2

[Event "4NCL/Div4/AMCAD vs. CELT1"]
[Site "Wokefield Park ENG"]
[Date "2007.11.25"]
[Round "4.6"]
[White "French, Angus"]
[Black "Staples, Daniel J"]
[Result "1-0"]
[WhiteElo "2106"]
[BlackElo "2045"]
[PlyCount "63"]
[EventDate "2007.11.25"]
[EventType "team"]
[EventRounds "11"]
[EventCountry "ENG"]
[SourceDate "2007.09.15"]

1. e4 c5 2. c3 d5 3. exd5 Qxd5 4. d4 Nc6 5. Nf3 Bg4 6. dxc5 Bxf3 7. Qxf3 Qxf3
8. gxf3 e6 9. b4 a5 10. Bb5 Nge7 11. a3 Nd5 12. Bb2 Be7 13. Nd2 O-O-O 14. O-O-O
Ne5 15. Nc4 Nxc4 16. Bxc4 Bf6 17. Bxd5 exd5 18. Rhe1 Kc7 19. Kc2 Kc6 20. Bc1
Kb5 21. Be3 Rhe8 22. Kd3 Re6 23. Bd4 Rde8 24. a4+ Kc6 25. Rxe6+ fxe6 26. b5+
Kd7 27. Bxf6 gxf6 28. Rg1 Re7 29. Kd4 Re8 30. Rg7+ Re7 31. c6+ bxc6 32. bxc6+
1-0

[Event "4NCL/Div4/GREN vs. PONTY"]
[Site "Wokefield Park ENG"]
[Date "2007.11.25"]
[Round "4.1"]
[White "Mayhew, Andrew"]
[Black "Sully, David"]
[Result "1-0"]
[WhiteElo "2015"]
[BlackElo "2135"]
[PlyCount "89"]
[EventDate "2007.11.25"]
[EventType "team"]
[EventRounds "11"]
[EventCountry "ENG"]
[SourceDate "2007.09.15"]

1. b3 e5 2. Bb2 d6 3. e3 Nd7 4. c4 g6 5. Nf3 Bg7 6. d4 Nh6 7. h4 O-O 8. Qd2 Re8
9. Nc3 c6 10. O-O-O f6 11. dxe5 dxe5 12. Ne4 Nf7 13. c5 b5 14. h5 g5 15. h6 Bf8
16. Qxd7 Bxd7 17. Rxd7 Be7 18. Rxd8 Rexd8 19. g4 a5 20. a3 Rd7 21. Be2 Nd8 22.
Ne1 Ne6 23. Nd3 Rad8 24. Kc2 Rd5 25. b4 a4 26. Ng3 Kf7 27. f3 Bf8 28. Bc1 R5d7
29. Nf2 Kg8 30. Nfe4 Rf7 31. Nf5 Nc7 32. Kb2 Ne8 33. Bd1 Rfd7 34. Bc2 Kh8 35.
Kc3 Kg8 36. Bd2 Kh8 37. Bb1 Ra7 38. Ba2 Rad7 39. Bb1 Ra7 40. Ba2 Rad7 41. Kc2
Ra7 42. Bc3 Rad7 43. Nxf6 Nxf6 44. Bxe5 Rd2+ 45. Kb1 1-0

[Event "4NCL/Div4/GREN vs. PONTY"]
[Site "Wokefield Park ENG"]
[Date "2007.11.25"]
[Round "4.2"]
[White "James, Stephen C"]
[Black "Melsom, Jonathan T"]
[Result "1-0"]
[WhiteElo "2130"]
[BlackElo "1915"]
[PlyCount "45"]
[EventDate "2007.11.25"]
[EventType "team"]
[EventRounds "11"]
[EventCountry "ENG"]
[SourceDate "2007.09.15"]

1. d4 d6 2. c4 Nf6 3. Nc3 g6 4. g3 Bg7 5. Bg2 O-O 6. Nf3 c6 7. O-O Na6 8. h3
Nc7 9. e4 h6 10. Be3 Kh7 11. e5 dxe5 12. Nxe5 Nd7 13. Nxd7 Bxd7 14. Qe2 Qc8 15.
Kh2 Ne6 16. Rfd1 Bf6 17. Ne4 Bg7 18. d5 Nc7 19. d6 exd6 20. Nxd6 Qb8 21. Nxb7
Qxb7 22. Rxd7 Rac8 23. Rad1 1-0

[Event "4NCL/Div4/GREN vs. PONTY"]
[Site "Wokefield Park ENG"]
[Date "2007.11.25"]
[Round "4.3"]
[White "Varley, Ed"]
[Black "Perrett, David"]
[Result "1-0"]
[WhiteElo "1880"]
[BlackElo "2032"]
[PlyCount "78"]
[EventDate "2007.11.25"]
[EventType "team"]
[EventRounds "11"]
[EventCountry "ENG"]
[SourceDate "2007.09.15"]

1. d4 f5 2. Nf3 g6 3. g3 Bg7 4. Bg2 Nf6 5. O-O d6 6. c4 c6 7. Nc3 O-O 8. Re1
Ne4 9. Qd3 Be6 10. Ng5 Nxg5 11. Bxg5 h6 12. Be3 Nd7 13. Rad1 Bf7 14. b3 Qc7 15.
Bc1 e5 16. dxe5 Nxe5 17. Qc2 Ng4 18. h3 Ne5 19. Ba3 Rfd8 20. f4 Qa5 21. Bb2 Nd7
22. Kh2 Nf6 23. e4 Re8 24. exf5 Rxe1 25. Rxe1 gxf5 26. Bf3 Nd5 27. cxd5 cxd5
28. Rc1 Qc5 29. Qg2 d4 30. Nd5 Qa5 31. a3 Re8 32. b4 Qa4 33. Bd1 Qd7 34. Bf3
Kh7 35. Rc7 Qe6 36. Rxb7 Kg6 37. Nc7 Qe7 38. Nxe8 Qxe8 39. Rxa7 Qe3 1-0

[Event "4NCL/Div4/GREN vs. PONTY"]
[Site "Wokefield Park ENG"]
[Date "2007.11.25"]
[Round "4.4"]
[White "Gilbert, Jonathan A"]
[Black "Sweetland, Greg"]
[Result "1-0"]
[WhiteElo "2058"]
[BlackElo "1870"]
[PlyCount "49"]
[EventDate "2007.11.25"]
[EventType "team"]
[EventRounds "11"]
[EventCountry "ENG"]
[SourceDate "2007.09.15"]

1. d4 d5 2. c4 e5 3. dxe5 d4 4. Nf3 Nc6 5. a3 Be6 6. Nbd2 Nge7 7. Nb3 Bxc4 8.
Nbxd4 Nxd4 9. Nxd4 Qd7 10. b3 Ba6 11. Bb2 Ng6 12. Nf3 O-O-O 13. Qxd7+ Rxd7 14.
Rd1 Rxd1+ 15. Kxd1 Bc5 16. e3 Rd8+ 17. Kc2 Bxf1 18. Rxf1 Re8 19. g4 h6 20. h4
Ne7 21. h5 Nd5 22. Rg1 Re6 23. g5 Rc6 24. Kd3 hxg5 25. Rxg5 1-0

[Event "4NCL/Div4/GREN vs. PONTY"]
[Site "Wokefield Park ENG"]
[Date "2007.11.25"]
[Round "4.5"]
[White "Schofield, Oliver"]
[Black "Davies, Peter L"]
[Result "1/2-1/2"]
[WhiteElo "1790"]
[BlackElo "2001"]
[PlyCount "47"]
[EventDate "2007.11.25"]
[EventType "team"]
[EventRounds "11"]
[EventCountry "ENG"]
[SourceDate "2007.09.15"]

1. f4 d5 2. Nf3 Nf6 3. e3 e6 4. b3 Be7 5. Bb2 O-O 6. Be2 c5 7. O-O Nc6 8. Ne5
d4 9. Nxc6 bxc6 10. Na3 dxe3 11. dxe3 Qxd1 12. Raxd1 Nd5 13. Rf3 Rd8 14. e4 Nb4
15. Rxd8+ Bxd8 16. Rf1 Bc7 17. g3 Ba6 18. Bxa6 Nxa6 19. Rd1 Kf8 20. Nc4 f6 21.
a3 Ke7 22. Kg2 Re8 23. e5 f5 24. Kf3 1/2-1/2

[Event "4NCL/Div4/GREN vs. PONTY"]
[Site "Wokefield Park ENG"]
[Date "2007.11.25"]
[Round "4.6"]
[White "Robinson, David"]
[Black "Jennings, Michael"]
[Result "1-0"]
[WhiteElo "1986"]
[BlackElo "1780"]
[PlyCount "77"]
[EventDate "2007.11.25"]
[EventType "team"]
[EventRounds "11"]
[EventCountry "ENG"]
[SourceDate "2007.09.15"]

1. e4 e5 2. Bc4 Nf6 3. d3 Nc6 4. Nc3 Bc5 5. f4 d6 6. Nf3 exf4 7. Bxf4 Be6 8.
Bb3 Na5 9. Bxe6 fxe6 10. Qd2 Nc6 11. O-O-O Qe7 12. a3 e5 13. Bg5 O-O-O 14. Nd5
Qe6 15. Bxf6 gxf6 16. Nh4 Ne7 17. Nxe7+ Qxe7 18. Nf5 Qe6 19. c4 c6 20. Kb1 d5
21. cxd5 Qd7 22. Qc2 Bb6 23. Rhf1 Kb8 24. dxc6 bxc6 25. Rf3 Rhg8 26. Ng3 Rdf8
27. Rdf1 Bd8 28. Rc1 Kc7 29. Nf5 Rg5 30. Qc5 Rf7 31. Qxa7+ Kc8 32. Qa6+ Kc7 33.
Rf2 Rxf5 34. Rxf5 Kd6 35. Qc4 Ke7 36. Qc5+ Qd6 37. Qxd6+ Kxd6 38. b4 Be7 39.
Kb2 1-0

[Event "4NCL/Div4/MET vs. SSC"]
[Site "Wokefield Park ENG"]
[Date "2007.11.25"]
[Round "4.1"]
[White "Noden, Nicolas"]
[Black "Elliston, Robert"]
[Result "1/2-1/2"]
[WhiteElo "2171"]
[BlackElo "2113"]
[PlyCount "80"]
[EventDate "2007.11.25"]
[EventType "team"]
[EventRounds "11"]
[EventCountry "ENG"]
[SourceDate "2007.09.15"]

1. c4 f5 2. g3 Nf6 3. Bg2 d6 4. Nc3 Nc6 5. d3 g6 6. e4 Bg7 7. Nge2 O-O 8. O-O
fxe4 9. dxe4 Ne5 10. b3 c6 11. h3 a6 12. Be3 Qa5 13. Rc1 b5 14. f4 Nf7 15. cxb5
axb5 16. g4 e5 17. f5 g5 18. Bf3 b4 19. Na4 c5 20. h4 h6 21. hxg5 hxg5 22. Qd2
Bh6 23. Ra1 Bb7 24. Ng3 Rad8 25. Qg2 Kg7 26. Rfd1 Rh8 27. Nb2 Qc7 28. Nc4 Kg8
29. Rd2 Bf8 30. Rad1 Rh4 31. Nh5 Nxh5 32. gxh5 Rf4 33. Bxf4 exf4 34. e5 Bxf3
35. Qxf3 dxe5 36. Rxd8 Nxd8 37. Qd5+ Nf7 38. Qe6 Qe7 39. Qg6+ Bg7 40. Qc6 g4
1/2-1/2